01402 a2200193 45000010006000000050017000060080041000230030015000640400040000790800022001192450094001410200022002352640034002573000019002915050743003100410008010531000021010618560126010823168320260407155620.0260407a2014 arg spa dAR-UNSa-BCEJYS aAR-UNSa-BCEJYSbspacAR-UNSa-BCEJYS a316.46xLiderazgo10aInspiradores latinoamericanospde emprendedores a líderes empresariales, 14 testimonios a978-950-641-125-1 1aBuenos Aires :bGranicac2014 a311 p.c22 cm. a1. Kola Real: el resultado de pensar en grande / Jorge Añaños y Tania Alcázar - 2. La carta de un padre / Luis J. Bakker - 3. El papel de la memoria / Alfredo Caravajal - 4. El hombre de hierro / Roberto de Andraca - 5. Pura química / Antonio Del Valle - 6. Construyendo liderazgo / Orlando Dovat - 7. En alas de lo imposible / Germán Efromovich - 8. Una nube de oportunidades / Marcos Galperin - 9. La firme convicción de los inmigrantes / Julio y Alberto Ikeda - 10. "Nuestra empresa ha llegado a los 100 millones de grados de libertad" / Enrique Pescarmona - 11. La tercera seducción / Álvaro Saieh - 12. Creatividad empresarial más allá de los negocios / Carlos Slim - 13. La tierra prometida / Alberto Vallarino.  aspa1 aJano Ros, Alexis41uhttps://biblioeco.unsa.edu.ar/pmb/images/libros/Inspiradores latinoamericanos2-l125122.jpgyImagen de portadaqimage/jpeg